Speaking the truth in love : (Record no. 3037)

MARC details
000 -LEADER
fixed length control field 00853cam a2200277 a 4500
001 - CONTROL NUMBER
control field 91290
003 - CONTROL NUMBER IDENTIFIER
control field GBCCL
005 - DATE AND TIME OF LATEST TRANSACTION
control field 20241126110445.0
008 - FIXED-LENGTH DATA ELEMENTS--GENERAL INFORMATION
fixed length control field 921027s1992 mou 000 0 eng
010 ## -
-- 92064385
020 ## - INTERNATIONAL STANDARD BOOK NUMBER
International Standard Book Number 0963383116
035 ## - SYSTEM CONTROL NUMBER
System control number (OCoLC)ocm27066963
040 ## - CATALOGING SOURCE
Original cataloging agency DLC
Transcribing agency DLC
049 ## -
-- LBBK
050 00 -
-- BV4647.A78
-- K63 1992
082 00 - DEWEY DECIMAL CLASSIFICATION NUMBER
Classification number 248.4
Edition information 20
Item number KOC
090 ## - LOCALLY ASSIGNED LC-TYPE CALL NUMBER (OCLC); LOCAL CALL NUMBER (RLIN)
Classification number (OCLC) (R) ; Classification number, CALL (RLIN) (NR) BV4647.A78
Local cutter number (OCLC) ; Book number/undivided call number, CALL (RLIN) K63 1992
100 1# - MAIN ENTRY--PERSONAL NAME
Personal name Koch, Ruth N.
9 (RLIN) 6304
245 10 - TITLE STATEMENT
Title Speaking the truth in love :
Remainder of title how to be an assertive Christian /
Statement of responsibility, etc. Ruth N. Koch, Kenneth C. Haugk.
260 ## - PUBLICATION, DISTRIBUTION, ETC.
Place of publication, distribution, etc. St. Louis, Mo. :
Name of publisher, distributor, etc. Stephen Ministries,
Date of publication, distribution, etc. c1992.
300 ## - PHYSICAL DESCRIPTION
Extent 200 p. ;
Dimensions 22 cm.
650 #0 - SUBJECT ADDED ENTRY--TOPICAL TERM
Topical term or geographic name entry element Assertiveness (Psychology)
General subdivision Religious aspects
-- Christianity.
9 (RLIN) 6305
650 #0 - SUBJECT ADDED ENTRY--TOPICAL TERM
Topical term or geographic name entry element Christian life.
9 (RLIN) 183
700 1# - ADDED ENTRY--PERSONAL NAME
Personal name Haugk, Kenneth C.,
Dates associated with a name 1945-
9 (RLIN) 6306
942 ## - ADDED ENTRY ELEMENTS (KOHA)
Source of classification or shelving scheme Dewey Decimal Classification
Koha item type Books
Koha issues (borrowed), all copies 2
Holdings
Withdrawn status Lost status Source of classification or shelving scheme Damaged status Not for loan Home library Current Library Shelving location Date acquired Total checkouts Full call number Barcode Date last seen Date last checked out Copy number Price effective from Koha item type
    Dewey Decimal Classification     GRACE BIBLE COLLEGE GRACE BIBLE COLLEGE Ministry & Mission 2017-10-13 2 248.4 KOC 009707 2025-05-01 2024-07-26 c.2 2017-10-13 Books
    Dewey Decimal Classification     GRACE BIBLE COLLEGE GRACE BIBLE COLLEGE Ministry & Mission 2017-10-13   248.4 KOC 009699 2025-05-01   c.1 2017-10-13 Books
© Grace Bible College Library 2025